000 00473nam a22001817a 4500
005 20250219155239.0
010 _aENG-143863
020 _c65.00
_a8181803310
035 _aEN-1274397
037 _bDBAD
082 _a000
_201
100 _aLakshimi M.V.
_978144
245 _aGenaral Studies
_cM.V. Lakshmi
_hEnglish
260 _aHyderabad
_bTelugu Akademi
_c2017
270 _bHyderabad
300 _a155pp
_c28cm(pbk)
942 _2ddc
_cEN
_h000
_eLAK
999 _c209487
_d209487